[Event "Krakow op-A"]
[Site "Krakow"]
[Date "2000.12.27"]
[Round "1"]
[White "Tirard, Hugo"]
[Black "Shapenko, Pavel"]
[Result "1-0"]
[WhiteElo "2399"]
[BlackElo "2151"]
[PlyCount "67"]
[EventDate "2000.12.??"]
[EventType "swiss"]
[EventRounds "9"]
[EventCountry "POL"]
[SourceTitle "EXT 2005"]
[Source "ChessBase"]
[SourceDate "2004.11.15"]
[SourceVersion "1"]
[SourceVersionDate "2004.11.15"]
[SourceQuality "1"]

1. e4 c5 2. Nf3 Nc6 3. d4 cxd4 4. Nxd4 Nf6 5. Nc3 e6 6. Be2 Bb4 7. 0-0 Bxc3 8. bxc3 Nxe4 9. Bd3 Nxc3 10. Qg4 Qf6 11. Nxc6 bxc6 12. Bg5 Qe5 13. Rfe1 h5 14. Qh4 Qc5 15. Be3 Qe7 16. Qg3 Qf6 17. Bf4 h4 18. Qg4 Qd4 19. Rac1 d6 20. Qf3 Bd7 21. Bd2 Nd5 22. c4 Nf6 23. h3 Qc5 24. Rb1 a5 25. Rb5 Qd4 26. Rc1 e5 27. Bc3 e4 28. Bxe4 Qxc4 29. Bd3 Qa4 30. Bxf6 gxf6 31. Qxf6 Rg8 32. Re1+ Kf8 33. Qxd6+ Kg7 34. Rg5+ 1-0